000 01095nam0a2200313 4500
001 RU\NLR\bibl\1412548
005 20260405120614.0
010 _a978-5-17-056653-2
_bАСТ
010 _a978-5-403-00421-3
_bАСТ Москва
010 _a978-5-17-058925-8
_bАСТ
010 _a978-5-403-01083-2
_91500
_bАСТ Москва
021 _aRU
_b2009-53289
_93284
035 _a(NLR Aleph) 001404527
090 _a1243588
_c1243588
100 _a20090914d2009 |||y0rusy50 ca
101 1 _arus
_ceng
102 _aRU
105 _ay |||||||||
200 1 _aПодарок от Гумбольдта
_e[роман]
_fСол Беллоу
_g[пер. с англ. Г.П. Злобина]
210 _aМосква
_cАСТ
_cАСТ Москва
_d2009
215 _a478 с.
_d21
225 1 _aКнига на все времена
686 _aШ6(7США)67-440.4{Лх1979-50}
700 1 _4070
_7ca
_8rus
_aБеллоу
_bС.
_f1915-2005
_gСол
_929688
_3RU\NLR\auth\7746753
801 0 _aRU
_bNLR
_c20090914
_gRCR
801 1 _aRU
_bNLR
_c20090914
942 _cBOOK
980 _aNB